Fr. Conceicao Rodrigues College of Engineering

Introduction to Programmable logic controllers (Record no. 21057)

MARC details
000 -LEADER
fixed length control field 00319nam a2200145Ia 4500
082 ## - DEWEY DECIMAL CLASSIFICATION NUMBER
Classification number 621.381
Item number DUN
100 ## - MAIN ENTRY--PERSONAL NAME
Personal name Dunning/Gary
250 ## - EDITION STATEMENT
Edition statement 2
245 ## - TITLE STATEMENT
Title Introduction to Programmable logic controllers
260 ## - PUBLICATION, DISTRIBUTION, ETC.
Name of publisher, distributor, etc. Thomsan Learning
Date of publication, distribution, etc. 2002
300 ## - PHYSICAL DESCRIPTION
Extent 516
546 ## - LANGUAGE NOTE
Language note ENGLISH
654 ## - SUBJECT ADDED ENTRY--FACETED TOPICAL TERMS
Focus term logic
942 ## - ADDED ENTRY ELEMENTS (KOHA)
Koha item type BOOK
Holdings
Withdrawn status Lost status Damaged status Not for loan Collection Home library Current library Date acquired Total Checkouts Full call number Barcode Date last seen Date last checked out Price effective from Koha item type
        CRC Fr. Agnel's C.Rodrigues College of Engineering Fr. Agnel's C.Rodrigues College of Engineering 17/03/2023 1 621.381 DUN 14962 26/03/2025 26/03/2025 17/03/2023 BOOK
        CRC Fr. Agnel's C.Rodrigues College of Engineering Fr. Agnel's C.Rodrigues College of Engineering 17/03/2023   621.381 DUN 14963 17/03/2023   17/03/2023 BOOK